000 00520nam a2200193Ia 4500
001 61609
008 141120s9999 xx 000 0 und d
020 _a9780192853462
040 _cPK-LaUMT
082 _a 306
_bMON-S
100 _aMonaghan, John
245 _aSocial & cultural anthropology
_ba very short introduction
_cMonaghan, John|Just, Peter
260 _aOxford,USA:
_bOxford University Press,
_c2000
300 _a160 p.
546 _aEN
650 _aAnthropology
700 _aJust, Peter
942 _cBK
999 _c62052
_d62052